[Event "ODJM B 2025"]
[Site "Willingen GER"]
[Date "2025.06.14"]
[Round "9"]
[White "Sniegowski, Richard"]
[Black "Heitmann, Erik"]
[Result "1/2-1/2"]
[Termination "normal"]
[Board "8"]
[WhiteElo "1887"]
[BlackElo "1798"]
[WhiteClock "00:14:32"]
[BlackClock "00:01:56"]
[PlyCount "72"]
[WhiteFideId "34664181"]
[BlackFideId "34608940"]
[EventCountry "GER"]
[EventRounds "9"]
[EventType "swiss"]
[EventDate "2025.06.07"]

1. Nf3 {[%clk 01:30:56]} {[%emt 00:00:03]} Nf6 {[%clk 01:30:15]} {[%emt
00:00:45]} 2. g3 {[%clk 01:30:53]} {[%emt 00:00:34]} d5 {[%clk 01:30:29]}
{[%emt 00:00:16]} 3. Bg2 {[%clk 01:31:03]} {[%emt 00:00:20]} e6 {[%clk
01:27:13]} {[%emt 00:03:47]} 4. O-O {[%clk 01:29:59]} {[%emt 00:01:33]} Bd6
{[%clk 01:25:37]} {[%emt 00:02:06]} 5. d4 {[%clk 01:29:33]} {[%emt 00:00:57]}
O-O {[%clk 01:25:34]} {[%emt 00:00:32]} 6. c4 {[%clk 01:28:45]} {[%emt
00:01:18]} c6 {[%clk 01:22:14]} {[%emt 00:03:51]} 7. Nc3 {[%clk 01:28:09]}
{[%emt 00:01:06]} Nbd7 {[%emt 00:02:15]} 8. Re1 {[%clk 01:25:49]} {[%emt
00:02:48]} Re8 {[%clk 01:18:31]} {[%emt 00:02:29]} 9. Bg5 {[%clk 01:19:33]}
{[%emt 00:06:46]} h6 {[%clk 01:17:10]} {[%emt 00:01:51]} 10. Bf4 {[%clk
01:12:04]} {[%emt 00:07:58]} Bxf4 {[%clk 01:15:20]} {[%emt 00:02:21]} 11. gxf4
{[%clk 01:11:34]} {[%emt 00:00:59]} Qc7 {[%clk 01:04:12]} {[%emt 00:11:38]} 12.
e3 {[%clk 01:06:26]} {[%emt 00:05:38]} dxc4 {[%clk 00:59:22]} {[%emt 00:05:22]}
13. Ne5 {[%clk 01:00:32]} {[%emt 00:06:23]} Nd5 {[%clk 00:56:28]} {[%emt
00:03:23]} 14. Nxc4 {[%clk 00:58:26]} {[%emt 00:02:37]} b5 {[%clk 00:47:01]}
{[%emt 00:09:58]} 15. Ne5 {[%clk 00:52:00]} {[%emt 00:06:55]} Nxe5 {[%clk
00:44:40]} {[%emt 00:02:51]} 16. fxe5 {[%clk 00:51:21]} {[%emt 00:01:08]} Nxc3
{[%clk 00:44:07]} {[%emt 00:01:05]} 17. bxc3 {[%clk 00:51:49]} {[%emt
00:00:02]} Bb7 {[%clk 00:41:29]} {[%emt 00:03:07]} 18. Qb3 {[%clk 00:47:02]}
{[%emt 00:05:18]} a6 {[%clk 00:38:45]} {[%emt 00:03:14]} 19. a4 {[%clk
00:41:26]} {[%emt 00:06:05]} Rac8 {[%clk 00:37:33]} {[%emt 00:01:40]} 20. Reb1
{[%clk 00:37:51]} {[%emt 00:04:07]} Qe7 {[%clk 00:33:20]} {[%emt 00:04:43]} 21.
f4 {[%clk 00:32:53]} {[%emt 00:05:28]} Rb8 {[%clk 00:31:35]} {[%emt 00:02:15]}
22. c4 {[%clk 00:27:56]} {[%emt 00:05:27]} Qh4 {[%clk 00:25:23]} {[%emt
00:06:41]} 23. Qc2 {[%clk 00:22:53]} {[%emt 00:05:35]} Qg4 {[%clk 00:23:02]}
{[%emt 00:02:50]} 24. axb5 {[%clk 00:19:08]} {[%emt 00:04:15]} cxb5 {[%clk
00:23:01]} {[%emt 00:00:31]} 25. cxb5 {[%clk 00:15:31]} {[%emt 00:04:07]} axb5
{[%clk 00:20:22]} {[%emt 00:03:09]} 26. Kh1 {[%clk 00:13:51]} {[%emt 00:02:10]}
Rec8 {[%clk 00:08:25]} {[%emt 00:12:26]} 27. Qf2 {[%clk 00:14:03]} {[%emt
00:00:18]} Qxg2+ {[%clk 00:08:02]} {[%emt 00:00:53]} 28. Qxg2 {[%clk 00:14:31]}
{[%emt 00:00:02]} Bxg2+ {[%clk 00:08:21]} {[%emt 00:00:11]} 29. Kxg2 {[%clk
00:14:47]} {[%emt 00:00:14]} Rc2+ {[%clk 00:08:42]} {[%emt 00:00:10]} 30. Kg3
{[%clk 00:15:10]} {[%emt 00:00:07]} b4 {[%clk 00:06:16]} {[%emt 00:02:56]} 31.
Rc1 {[%clk 00:15:02]} {[%emt 00:00:38]} Rbc8 {[%clk 00:05:28]} {[%emt
00:01:17]} 32. Rxc2 {[%clk 00:14:12]} {[%emt 00:01:20]} Rxc2 {[%clk 00:05:53]}
{[%emt 00:00:06]} 33. Rb1 {[%clk 00:14:27]} {[%emt 00:00:15]} Rc3 {[%clk
00:04:01]} {[%emt 00:02:22]} 34. Kf3 {[%clk 00:14:38]} {[%emt 00:00:19]} b3
{[%clk 00:04:18]} {[%emt 00:00:13]} 35. h4 {[%clk 00:14:22]} {[%emt 00:00:45]}
h5 {[%clk 00:03:01]} {[%emt 00:01:48]} 36. Rb2 {[%clk 00:14:32]} {[%emt
00:00:19]} Kh7 {[%clk 00:01:56]} {[%emt 00:01:35]} 1/2-1/2

[Event "ODJM B 2025"]
[Site "Willingen GER"]
[Date "2025.06.14"]
[Round "9"]
[White "Stülcken, Philipp"]
[Black "Thoms, Eric"]
[Result "1/2-1/2"]
[Termination "normal"]
[Board "9"]
[WhiteElo "1780"]
[BlackElo "1716"]
[WhiteClock "01:16:16"]
[BlackClock "01:13:25"]
[PlyCount "43"]
[WhiteFideId "12986232"]
[BlackFideId "34623450"]
[EventCountry "GER"]
[EventRounds "9"]
[EventType "swiss"]
[EventDate "2025.06.07"]

1. e4 {[%clk 01:30:54]} {[%emt 00:00:06]} e5 {[%clk 01:30:53]} {[%emt
00:00:07]} 2. Nf3 {[%clk 01:31:18]} {[%emt 00:00:06]} Nc6 {[%clk 01:31:17]}
{[%emt 00:00:06]} 3. Bc4 {[%clk 01:31:42]} {[%emt 00:00:06]} Nf6 {[%clk
01:31:41]} {[%emt 00:00:06]} 4. d4 {[%clk 01:32:00]} {[%emt 00:00:13]} exd4
{[%clk 01:31:53]} {[%emt 00:00:17]} 5. O-O {[%clk 01:32:17]} {[%emt 00:00:13]}
Nxe4 {[%clk 01:31:00]} {[%emt 00:01:23]} 6. Re1 {[%clk 01:32:36]} {[%emt
00:00:10]} d5 {[%clk 01:31:25]} {[%emt 00:00:06]} 7. Bxd5 {[%clk 01:32:58]}
{[%emt 00:00:08]} Qxd5 {[%clk 01:31:48]} {[%emt 00:00:06]} 8. Nc3 {[%clk
01:33:24]} {[%emt 00:00:04]} Qd8 {[%clk 01:31:35]} {[%emt 00:00:43]} 9. Nxe4
{[%clk 01:33:45]} {[%emt 00:00:10]} Be7 {[%clk 01:31:50]} {[%emt 00:00:14]} 10.
Bg5 {[%clk 01:33:02]} {[%emt 00:01:14]} Be6 {[%clk 01:29:52]} {[%emt 00:02:27]}
11. Bxe7 {[%emt 00:00:54]} Qxe7 {[%clk 01:30:09]} {[%emt 00:00:11]} 12. Neg5
{[%clk 01:25:18]} {[%emt 00:07:53]} O-O-O {[%clk 01:27:57]} {[%emt 00:02:41]}
13. Nxf7 {[%clk 01:24:53]} {[%emt 00:00:56]} Qxf7 {[%clk 01:26:24]} {[%emt
00:02:02]} 14. Ng5 {[%clk 01:25:17]} {[%emt 00:00:06]} Qd7 {[%clk 01:25:52]}
{[%emt 00:01:02]} 15. Nxe6 {[%clk 01:25:12]} {[%emt 00:00:36]} Rde8 {[%clk
01:26:12]} {[%emt 00:00:09]} 16. Nc5 {[%clk 01:24:34]} {[%emt 00:01:09]} Qf5
{[%clk 01:25:32]} {[%emt 00:01:10]} 17. Nd3 {[%clk 01:22:32]} {[%emt 00:02:32]}
Rhf8 {[%clk 01:22:18]} {[%emt 00:03:43]} 18. Qd2 {[%clk 01:21:40]} {[%emt
00:01:23]} a6 {[%clk 01:17:47]} {[%emt 00:05:01]} 19. Rxe8+ {[%emt 00:03:17]}
Rxe8 {[%clk 01:18:08]} {[%emt 00:00:07]} 20. Re1 {[%clk 01:19:19]} {[%emt
00:00:06]} Re6 {[%clk 01:15:32]} {[%emt 00:03:05]} 21. h3 {[%clk 01:18:09]}
{[%emt 00:01:40]} Kb8 {[%clk 01:13:25]} {[%emt 00:02:37]} 22. a3 {[%clk
01:16:16]} {[%emt 00:02:24]} 1/2-1/2

[Event "ODJM B 2025"]
[Site "Willingen GER"]
[Date "2025.06.14"]
[Round "9"]
[White "Kandora, Max"]
[Black "Feichtner, David"]
[Result "1/2-1/2"]
[Termination "normal"]
[Board "10"]
[WhiteElo "1878"]
[BlackElo "1776"]
[WhiteClock "00:54:55"]
[BlackClock "00:42:32"]
[PlyCount "46"]
[WhiteFideId "34684239"]
[BlackFideId "533013381"]
[EventCountry "GER"]
[EventRounds "9"]
[EventType "swiss"]
[EventDate "2025.06.07"]

1. a3 {[%clk 01:30:58]} {[%emt 00:00:02]} Nf6 {[%clk 01:30:39]} {[%emt
00:00:22]} 2. f4 {[%clk 01:31:19]} {[%emt 00:00:08]} e6 {[%clk 01:30:32]}
{[%emt 00:00:37]} 3. Nf3 {[%clk 01:31:32]} {[%emt 00:00:17]} d5 {[%clk
01:30:53]} {[%emt 00:00:09]} 4. d3 {[%clk 01:31:23]} {[%emt 00:00:39]} c5
{[%clk 01:30:41]} {[%emt 00:00:41]} 5. Nbd2 {[%clk 01:30:58]} {[%emt 00:00:56]}
Nc6 {[%clk 01:30:40]} {[%emt 00:00:30]} 6. e4 {[%clk 01:31:06]} {[%emt
00:00:23]} g6 {[%clk 01:25:17]} {[%emt 00:05:53]} 7. g3 {[%clk 01:28:55]}
{[%emt 00:02:41]} Bg7 {[%clk 01:22:58]} {[%emt 00:02:49]} 8. Bg2 {[%clk
01:29:18]} {[%emt 00:00:07]} dxe4 {[%clk 01:22:29]} {[%emt 00:00:59]} 9. dxe4
{[%clk 01:29:32]} {[%emt 00:00:16]} e5 {[%clk 01:22:27]} {[%emt 00:00:32]} 10.
O-O {[%clk 01:25:20]} {[%emt 00:04:43]} O-O {[%clk 01:22:12]} {[%emt 00:00:44]}
11. Nc4 {[%clk 01:22:42]} {[%emt 00:03:09]} Qc7 {[%clk 01:18:07]} {[%emt
00:04:34]} 12. Nfxe5 {[%clk 01:15:02]} {[%emt 00:08:09]} Rd8 {[%clk 01:13:14]}
{[%emt 00:05:23]} 13. Bd2 {[%clk 01:12:36]} {[%emt 00:02:57]} Nxe5 {[%clk
01:12:03]} {[%emt 00:01:40]} 14. Nxe5 {[%clk 01:09:56]} {[%emt 00:03:10]} Ne8
{[%clk 01:10:10]} {[%emt 00:02:24]} 15. Qe2 {[%clk 01:05:20]} {[%emt 00:05:06]}
Bxe5 {[%clk 01:09:23]} {[%emt 00:01:18]} 16. fxe5 {[%clk 01:05:46]} {[%emt
00:00:03]} Qxe5 {[%clk 01:06:47]} {[%emt 00:03:05]} 17. Bc3 {[%clk 01:05:49]}
{[%emt 00:00:28]} Qe7 {[%clk 01:06:49]} {[%emt 00:00:26]} 18. Rf2 {[%clk
01:05:43]} {[%emt 00:00:38]} Be6 {[%clk 01:05:18]} {[%emt 00:02:01]} 19. Raf1
{[%clk 01:02:07]} {[%emt 00:04:06]} Rd7 {[%clk 01:00:19]} {[%emt 00:05:29]} 20.
e5 {[%clk 00:59:10]} {[%emt 00:03:27]} Rb8 {[%clk 00:54:07]} {[%emt 00:06:42]}
21. a4 {[%clk 00:56:56]} {[%emt 00:02:44]} Ng7 {[%clk 00:46:49]} {[%emt
00:07:48]} 22. Be4 {[%clk 00:54:34]} {[%emt 00:02:51]} Nf5 {[%clk 00:42:32]}
{[%emt 00:04:48]} 23. Bxf5 {[%clk 00:54:55]} {[%emt 00:00:09]} Bxf5 {[%emt
00:00:58]} 1/2-1/2

[Event "ODJM B 2025"]
[Site "Willingen GER"]
[Date "2025.06.14"]
[Round "9"]
[White "Gulamov, Elmir"]
[Black "Hofmann, Diego"]
[Result "1-0"]
[Termination "normal"]
[Board "11"]
[WhiteElo "1765"]
[BlackElo "1796"]
[WhiteClock "00:21:02"]
[BlackClock "00:46:20"]
[PlyCount "105"]
[WhiteFideId "34604332"]
[BlackFideId "16269020"]
[EventCountry "GER"]
[EventRounds "9"]
[EventType "swiss"]
[EventDate "2025.06.07"]

1. d4 {[%clk 01:30:59]} Nf6 {[%clk 01:30:56]} {[%emt 00:00:04]} 2. c4 {[%clk
01:31:25]} {[%emt 00:00:04]} g6 {[%clk 01:31:14]} {[%emt 00:00:12]} 3. Nc3
{[%clk 01:31:51]} {[%emt 00:00:04]} d5 {[%clk 01:31:40]} {[%emt 00:00:04]} 4.
cxd5 {[%clk 01:32:18]} {[%emt 00:00:04]} Nxd5 {[%clk 01:32:06]} {[%emt
00:00:04]} 5. e4 {[%clk 01:32:44]} {[%emt 00:00:03]} Nxc3 {[%clk 01:32:32]}
{[%emt 00:00:05]} 6. bxc3 {[%clk 01:33:11]} {[%emt 00:00:03]} Bg7 {[%clk
01:32:54]} {[%emt 00:00:07]} 7. Bc4 {[%clk 01:33:36]} {[%emt 00:00:05]} O-O
{[%clk 01:32:39]} {[%emt 00:00:46]} 8. Ne2 {[%clk 01:33:32]} {[%emt 00:00:33]}
c5 {[%clk 01:29:21]} {[%emt 00:03:48]} 9. Be3 {[%clk 01:33:44]} {[%emt
00:00:18]} cxd4 {[%clk 01:26:32]} {[%emt 00:03:19]} 10. cxd4 {[%clk 01:33:49]}
{[%emt 00:00:25]} a6 {[%clk 01:25:48]} {[%emt 00:01:15]} 11. O-O {[%clk
01:33:28]} {[%emt 00:00:50]} Nd7 {[%clk 01:25:37]} {[%emt 00:00:41]} 12. Rb1
{[%clk 01:30:00]} {[%emt 00:03:57]} b5 {[%clk 01:25:32]} {[%emt 00:00:36]} 13.
Bd5 {[%clk 01:30:02]} {[%emt 00:00:29]} Rb8 {[%clk 01:25:32]} {[%emt 00:00:29]}
14. Bf4 {[%clk 01:29:37]} {[%emt 00:00:56]} e5 {[%clk 01:25:38]} {[%emt
00:00:23]} 15. Bg3 {[%clk 01:22:35]} {[%emt 00:07:32]} Bb7 {[%clk 01:25:08]}
{[%emt 00:01:00]} 16. Qb3 {[%clk 01:17:52]} {[%emt 00:05:13]} Bxd5 {[%clk
01:23:44]} {[%emt 00:01:54]} 17. Qxd5 {[%clk 01:17:03]} {[%emt 00:01:19]} Re8
{[%clk 01:22:16]} {[%emt 00:01:58]} 18. f4 {[%clk 01:15:49]} {[%emt 00:01:43]}
exd4 {[%clk 01:20:08]} {[%emt 00:02:38]} 19. f5 {[%clk 01:16:06]} {[%emt
00:00:14]} Nf6 {[%clk 01:20:21]} {[%emt 00:00:18]} 20. Qb3 {[%clk 01:07:03]}
{[%emt 00:09:33]} Rb7 {[%clk 01:18:37]} {[%emt 00:02:14]} 21. e5 {[%clk
01:05:40]} {[%emt 00:01:53]} Ne4 {[%clk 01:17:56]} {[%emt 00:01:10]} 22. Qf3
{[%clk 01:02:23]} {[%emt 00:03:47]} Nxg3 {[%clk 01:12:45]} {[%emt 00:05:40]}
23. Nxg3 {[%clk 00:59:54]} {[%emt 00:03:00]} Rc7 {[%clk 01:10:52]} {[%emt
00:02:23]} 24. f6 {[%clk 00:46:38]} {[%emt 00:13:46]} Bh8 {[%clk 01:10:33]}
{[%emt 00:00:49]} 25. Rbe1 {[%clk 00:43:16]} {[%emt 00:03:52]} Rc5 {[%clk
01:04:42]} {[%emt 00:06:20]} 26. e6 {[%clk 00:23:00]} {[%emt 00:20:47]} Rxe6
{[%clk 01:01:05]} {[%emt 00:04:07]} 27. Rxe6 {[%clk 00:23:22]} {[%emt
00:00:07]} fxe6 {[%clk 01:01:12]} {[%emt 00:00:24]} 28. Qa3 {[%clk 00:20:50]}
{[%emt 00:03:03]} Qc8 {[%clk 00:54:53]} {[%emt 00:06:48]} 29. f7+ {[%clk
00:20:54]} {[%emt 00:00:27]} Kf8 {[%clk 00:55:16]} {[%emt 00:00:06]} 30. Ne4
{[%clk 00:21:08]} {[%emt 00:00:16]} d3 {[%clk 00:54:21]} {[%emt 00:01:25]} 31.
Qxc5+ {[%clk 00:21:27]} {[%emt 00:00:12]} Qxc5+ {[%clk 00:54:35]} {[%emt
00:00:16]} 32. Nxc5 {[%clk 00:21:54]} {[%emt 00:00:03]} Bd4+ {[%clk 00:55:01]}
{[%emt 00:00:04]} 33. Kh1 {[%clk 00:22:12]} {[%emt 00:00:12]} Bxc5 {[%clk
00:55:24]} {[%emt 00:00:07]} 34. Rd1 {[%clk 00:21:27]} {[%emt 00:01:14]} Kxf7
{[%clk 00:55:05]} {[%emt 00:00:49]} 35. Rxd3 {[%clk 00:21:50]} {[%emt
00:00:07]} h5 {[%clk 00:54:01]} {[%emt 00:01:35]} 36. g3 {[%clk 00:22:12]}
{[%emt 00:00:07]} e5 {[%clk 00:54:02]} {[%emt 00:00:29]} 37. Rc3 {[%clk
00:21:46]} {[%emt 00:00:56]} Bd4 {[%clk 00:52:06]} {[%emt 00:02:26]} 38. Rc7+
{[%clk 00:18:46]} {[%emt 00:03:30]} Ke6 {[%clk 00:50:38]} {[%emt 00:01:58]} 39.
Rc6+ {[%clk 00:18:13]} {[%emt 00:01:03]} Kf5 {[%clk 00:50:36]} {[%emt
00:00:32]} 40. Rxa6 {[%clk 00:17:53]} {[%emt 00:00:50]} e4 {[%clk 00:47:07]}
{[%emt 00:03:59]} 41. Kg2 {[%clk 00:17:44]} {[%emt 00:00:39]} e3 {[%clk
00:46:15]} {[%emt 00:01:22]} 42. Kf3 {[%clk 00:17:32]} {[%emt 00:00:42]} g5
{[%clk 00:46:02]} {[%emt 00:00:44]} 43. Ra5 {[%clk 00:17:44]} {[%emt 00:00:18]}
g4+ {[%clk 00:44:49]} {[%emt 00:01:43]} 44. Ke2 {[%clk 00:18:09]} {[%emt
00:00:05]} h4 {[%clk 00:44:51]} {[%emt 00:00:27]} 45. Rxb5+ {[%clk 00:18:29]}
{[%emt 00:00:10]} Ke4 {[%clk 00:45:13]} {[%emt 00:00:08]} 46. Rb4 {[%clk
00:18:34]} {[%emt 00:00:26]} hxg3 {[%clk 00:45:18]} {[%emt 00:00:24]} 47. hxg3
{[%clk 00:18:59]} {[%emt 00:00:05]} Kd5 {[%clk 00:45:11]} {[%emt 00:00:38]} 48.
Rxd4+ {[%clk 00:18:56]} {[%emt 00:00:33]} Kxd4 {[%emt 00:00:20]} 49. a4 {[%clk
00:19:21]} {[%emt 00:00:03]} Kc5 {[%clk 00:45:19]} {[%emt 00:00:34]} 50. Kxe3
{[%clk 00:19:47]} {[%emt 00:00:04]} Kb4 {[%clk 00:45:37]} {[%emt 00:00:12]} 51.
Kf4 {[%clk 00:20:15]} {[%emt 00:00:02]} Kxa4 {[%clk 00:45:59]} {[%emt
00:00:08]} 52. Kxg4 {[%clk 00:20:40]} {[%emt 00:00:05]} Kb5 {[%clk 00:46:20]}
{[%emt 00:00:08]} 53. Kf5 {[%clk 00:21:02]} {[%emt 00:00:08]} 1-0

[Event "ODJM B 2025"]
[Site "Willingen GER"]
[Date "2025.06.14"]
[Round "9"]
[White "Wilke, Ronja"]
[Black "Schöne, Finn"]
[Result "0-1"]
[Termination "normal"]
[Board "12"]
[WhiteElo "1585"]
[BlackElo "1843"]
[WhiteClock "01:03:15"]
[BlackClock "00:56:33"]
[PlyCount "94"]
[WhiteFideId "16288378"]
[BlackFideId "34623493"]
[EventCountry "GER"]
[EventRounds "9"]
[EventType "swiss"]
[EventDate "2025.06.07"]

1. e4 {[%clk 01:30:57]} {[%emt 00:00:04]} c5 {[%clk 01:30:57]} {[%emt
00:00:03]} 2. c3 {[%clk 01:31:09]} {[%emt 00:00:18]} d5 {[%clk 01:31:22]}
{[%emt 00:00:05]} 3. exd5 {[%clk 01:31:31]} {[%emt 00:00:07]} Qxd5 {[%clk
01:31:48]} {[%emt 00:00:04]} 4. d4 {[%clk 01:31:31]} {[%emt 00:00:30]} e6
{[%clk 01:32:13]} {[%emt 00:00:05]} 5. Nf3 {[%clk 01:31:38]} {[%emt 00:00:22]}
Nf6 {[%clk 01:32:37]} {[%emt 00:00:06]} 6. c4 {[%clk 01:30:06]} {[%emt
00:02:03]} Qd8 {[%clk 01:32:43]} {[%emt 00:00:24]} 7. Nc3 {[%clk 01:29:48]}
{[%emt 00:00:47]} cxd4 {[%clk 01:31:44]} {[%emt 00:01:30]} 8. Qxd4 {[%clk
01:29:03]} {[%emt 00:01:14]} Qxd4 {[%clk 01:31:36]} {[%emt 00:00:39]} 9. Nxd4
{[%clk 01:29:25]} {[%emt 00:00:08]} Bc5 {[%clk 01:30:51]} {[%emt 00:01:14]} 10.
Ndb5 {[%clk 01:28:40]} {[%emt 00:01:15]} Na6 {[%clk 01:30:32]} {[%emt
00:00:49]} 11. a3 {[%clk 01:28:12]} {[%emt 00:01:00]} O-O {[%clk 01:29:56]}
{[%emt 00:01:05]} 12. b4 {[%clk 01:27:28]} {[%emt 00:01:14]} Be7 {[%clk
01:30:10]} {[%emt 00:00:15]} 13. c5 {[%clk 01:26:24]} {[%emt 00:01:35]} Rd8
{[%clk 01:27:50]} {[%emt 00:02:50]} 14. Bc4 {[%clk 01:26:13]} {[%emt 00:00:40]}
Bd7 {[%clk 01:27:13]} {[%emt 00:01:08]} 15. O-O {[%clk 01:25:55]} {[%emt
00:00:48]} Bxb5 {[%clk 01:25:54]} {[%emt 00:01:48]} 16. Bxb5 {[%clk 01:21:33]}
{[%emt 00:04:53]} Nc7 {[%clk 01:26:03]} {[%emt 00:00:21]} 17. Be2 {[%clk
01:20:56]} {[%emt 00:01:05]} Ncd5 {[%clk 01:26:09]} {[%emt 00:00:26]} 18. Bb2
{[%clk 01:20:04]} {[%emt 00:01:22]} a5 {[%clk 01:23:47]} {[%emt 00:02:52]} 19.
Nxd5 {[%clk 01:19:07]} {[%emt 00:01:27]} Nxd5 {[%clk 01:23:26]} {[%emt
00:00:50]} 20. Bf3 {[%clk 01:18:44]} {[%emt 00:00:53]} axb4 {[%clk 01:21:28]}
{[%emt 00:02:29]} 21. Bxd5 {[%clk 01:15:20]} {[%emt 00:03:54]} Rxd5 {[%clk
01:17:43]} {[%emt 00:04:14]} 22. axb4 {[%clk 01:15:23]} {[%emt 00:00:28]} Rxa1
{[%clk 01:18:06]} {[%emt 00:00:08]} 23. Rxa1 {[%clk 01:15:04]} {[%emt
00:00:48]} h6 {[%clk 01:17:46]} {[%emt 00:00:50]} 24. h3 {[%clk 01:15:17]}
{[%emt 00:00:17]} Rd2 {[%clk 01:17:00]} {[%emt 00:01:16]} 25. Bc3 {[%clk
01:13:45]} {[%emt 00:02:02]} Rc2 {[%clk 01:16:46]} {[%emt 00:00:42]} 26. Be1
{[%clk 01:13:41]} {[%emt 00:00:35]} Bf6 {[%clk 01:16:58]} {[%emt 00:00:19]} 27.
Rd1 {[%clk 01:12:59]} {[%emt 00:01:11]} Kf8 {[%clk 01:14:55]} {[%emt 00:02:33]}
28. Kf1 {[%clk 01:12:50]} {[%emt 00:00:39]} Ke7 {[%clk 01:14:39]} {[%emt
00:00:46]} 29. Rd6 {[%clk 01:12:49]} {[%emt 00:00:32]} Rc1 {[%clk 01:11:53]}
{[%emt 00:03:16]} 30. Ke2 {[%clk 01:12:54]} {[%emt 00:00:24]} Ra1 {[%clk
01:12:13]} {[%emt 00:00:10]} 31. Rb6 {[%clk 01:12:51]} {[%emt 00:00:34]} Ra7
{[%clk 01:12:41]} {[%emt 00:00:02]} 32. Kd3 {[%clk 01:12:34]} {[%emt 00:00:47]}
Be5 {[%clk 01:12:01]} {[%emt 00:01:07]} 33. c6 {[%clk 01:05:45]} {[%emt
00:07:21]} bxc6 {[%clk 01:06:58]} {[%emt 00:05:34]} 34. Rxc6 {[%clk 01:06:06]}
{[%emt 00:00:09]} Kd7 {[%clk 01:06:55]} {[%emt 00:00:32]} 35. Rc2 {[%clk
01:05:10]} {[%emt 00:01:26]} Bd6 {[%clk 01:05:13]} {[%emt 00:02:12]} 36. Kc4
{[%clk 01:04:15]} {[%emt 00:01:25]} Kc6 {[%clk 00:59:08]} {[%emt 00:06:35]} 37.
Bd2 {[%clk 01:03:58]} {[%emt 00:00:47]} f5 {[%clk 00:55:01]} {[%emt 00:04:37]}
38. b5+ {[%clk 01:03:31]} {[%emt 00:00:58]} Kb7 {[%clk 00:55:28]} {[%emt
00:00:01]} 39. Be3 {[%clk 01:03:13]} {[%emt 00:00:50]} Ra4+ {[%clk 00:55:32]}
{[%emt 00:00:25]} 40. Kb3 {[%clk 01:03:08]} {[%emt 00:00:36]} Rb4+ {[%clk
00:55:57]} {[%emt 00:00:04]} 41. Kc3 {[%clk 01:02:52]} {[%emt 00:00:47]} Rxb5
{[%clk 00:56:12]} {[%emt 00:00:15]} 42. Rd2 {[%clk 01:02:24]} {[%emt 00:00:56]}
Bb4+ {[%clk 00:56:36]} {[%emt 00:00:07]} 43. Kc4 {[%clk 01:02:30]} {[%emt
00:00:25]} Bxd2 {[%clk 00:56:57]} {[%emt 00:00:09]} 44. Kxb5 {[%clk 01:02:46]}
{[%emt 00:00:13]} Bxe3 {[%clk 00:57:21]} {[%emt 00:00:06]} 45. fxe3 {[%clk
01:03:11]} {[%emt 00:00:05]} Kc7 {[%clk 00:57:30]} {[%emt 00:00:22]} 46. Kc5
{[%clk 01:03:00]} {[%emt 00:00:41]} g5 {[%clk 00:57:46]} {[%emt 00:00:46]} 47.
g3 {[%clk 01:03:15]} {[%emt 00:00:42]} Kd7 {[%clk 00:56:33]} {[%emt 00:01:44]}
0-1

[Event "ODJM B 2025"]
[Site "Willingen GER"]
[Date "2025.06.14"]
[Round "9"]
[White "Fabritius, Wolf"]
[Black "Kautny, Fabian"]
[Result "0-1"]
[Termination "normal"]
[Board "13"]
[WhiteElo "1551"]
[BlackElo "1818"]
[WhiteClock "00:51:35"]
[BlackClock "00:24:02"]
[PlyCount "46"]
[WhiteFideId "34632603"]
[BlackFideId "34657193"]
[EventCountry "GER"]
[EventRounds "9"]
[EventType "swiss"]
[EventDate "2025.06.07"]

1. a3 {[%clk 01:30:59]} {[%emt 00:29:34]} e5 {[%clk 01:30:44]} {[%emt
00:00:16]} 2. e3 {[%clk 01:31:23]} {[%emt 00:00:06]} Nf6 {[%clk 01:29:49]}
{[%emt 00:01:24]} 3. d4 {[%clk 01:31:42]} {[%emt 00:00:12]} e4 {[%clk
01:29:51]} {[%emt 00:00:28]} 4. c4 {[%clk 01:31:58]} {[%emt 00:00:14]} b5
{[%clk 01:30:00]} {[%emt 00:00:21]} 5. cxb5 {[%clk 01:32:22]} {[%emt 00:00:06]}
d5 {[%clk 01:30:27]} {[%emt 00:00:03]} 6. Nc3 {[%clk 01:31:37]} {[%emt
00:01:14]} a6 {[%clk 01:30:51]} {[%emt 00:00:06]} 7. bxa6 {[%clk 01:31:50]}
{[%emt 00:00:17]} c6 {[%clk 01:31:05]} {[%emt 00:00:17]} 8. b4 {[%clk
01:30:13]} {[%emt 00:02:07]} Nxa6 {[%clk 01:31:11]} {[%emt 00:00:24]} 9. b5
{[%clk 01:28:40]} {[%emt 00:02:03]} cxb5 {[%clk 01:31:28]} {[%emt 00:00:13]}
10. Bxb5+ {[%clk 01:28:01]} {[%emt 00:01:09]} Bd7 {[%clk 01:31:51]} {[%emt
00:00:07]} 11. Qa4 {[%clk 01:24:26]} {[%emt 00:04:05]} Nb4 {[%clk 01:22:31]}
{[%emt 00:09:50]} 12. Bxd7+ {[%clk 01:16:14]} {[%emt 00:08:42]} Nxd7 {[%clk
01:22:56]} {[%emt 00:00:05]} 13. Qd1 {[%clk 01:16:06]} {[%emt 00:00:37]} Nb6
{[%clk 01:11:54]} {[%emt 00:11:33]} 14. Nh3 {[%clk 01:13:46]} {[%emt 00:02:50]}
Nd3+ {[%clk 01:11:50]} {[%emt 00:00:34]} 15. Kf1 {[%clk 01:11:04]} {[%emt
00:03:11]} Bb4 {[%clk 00:54:41]} {[%emt 00:17:39]} 16. Bd2 {[%clk 01:06:44]}
{[%emt 00:04:51]} Bxc3 {[%clk 00:49:53]} {[%emt 00:05:18]} 17. Bxc3 {[%clk
01:07:01]} {[%emt 00:00:12]} Nc4 {[%clk 00:50:21]} {[%emt 00:00:03]} 18. Bb4
{[%clk 01:05:20]} {[%emt 00:02:12]} Qb6 {[%clk 00:48:16]} {[%emt 00:02:34]} 19.
Rb1 {[%clk 01:02:41]} {[%emt 00:03:09]} Qf6 {[%clk 00:48:28]} {[%emt 00:00:17]}
20. Qh5 {[%clk 01:00:32]} {[%emt 00:02:39]} Nxe3+ {[%clk 00:40:20]} {[%emt
00:08:39]} 21. Kg1 {[%clk 00:58:44]} {[%emt 00:02:17]} Nf5 {[%clk 00:30:16]}
{[%emt 00:10:35]} 22. Ng5 {[%clk 00:52:07]} {[%emt 00:07:07]} g6 {[%clk
00:23:52]} {[%emt 00:06:54]} 23. Nxh7 {[%clk 00:51:35]} {[%emt 00:01:01]} Qxd4
{[%clk 00:24:02]} {[%emt 00:00:20]} 0-1